Nommez ce Signe - Écriture - Statistiques

Statistiques générales
  • Ce quiz a été pris 28 132 fois
  • Le résultat moyen est 16 sur 24
Statistiques - réponses
Signe Nom % Correct
. Point
100%
, Virgule
100%
! Point d'{exclamation}
99%
? Point d'{interrogation}
99%
; Point-virgule
96%
' Apostrophe
95%
( ) Parenthèses
94%
... Points de {suspension}
93%
- Tiret
93%
« » Guillemets
91%
@ Arobase
90%
/ Barre oblique
88%
: Deux-points
87%
[ ] Crochets
81%
_ Tiret bas
67%
* Astérisque
56%
& Esperluette
40%
{ } Accolades
38%
\ Barre oblique inversée
33%
§ Paragraphe
29%
~ Tilde
23%
# Croisillon
7%
< > Chevrons
5%
Pied-de-mouche
4%
Aucun quiz correspondant
Distribution des résultats
% des personnes avec chaque résultat
Percentile par nombre de réponses
Votre historique - résultats
Vous n’avez pas pris ce quiz